000 00434nam a22001817a 4500
003 MPLRDC
005 20220104142841.0
008 210129b ||||| |||| 00| 0 eng d
020 _a7-218-02956-6
082 _a982.9 HXN-2
100 _a红线女
245 _a红豆英彩
_c
250 _a一版一刷
260 _a
_b广东人民
_c1998
300 _b
650 _a伶人传记; 演员传记
942 _cBK
_o982.9 HXN-2
999 _c34222
_d34212